China's Millennium Transformation <The> Belt and Road Initiative

Guardado en:
Detalles Bibliográficos
Autor principal: Feng, Da Hsuan
Formato: Libro
Lenguaje:inglés
Publicado: Singapore World Scientific Publishing 2020
Materias:
Etiquetas: Agregar Etiqueta
Sin Etiquetas, Sea el primero en etiquetar este registro!

MARC

LEADER 00000nam a2200000 4500
001 0267166
005 20230118125217.4
020 |a 9789811216909 
020 |a 978-981-121-690-9 
020 |a 9789811216909 
020 |a 9789811210921 
041 0 |a eng 
044 |a SG 
245 1 0 |a China's Millennium Transformation  |b <The> Belt and Road Initiative  |c Da Hsuan Feng 
264 1 |a Singapore  |b World Scientific Publishing  |c 2020 
300 |a 319 s. 
610 2 0 |a spolupráca medzinárodná 
610 2 0 |a vzťahy medzinárodné 
610 2 0 |a kultúra 
610 2 0 |a vývoj spoločenský 
610 2 0 |a humanizmus 
610 2 0 |a civilizácia 
610 2 0 |a komunikácia 
610 2 0 |a iniciatíva pracovná 
610 2 0 |a štúdie prípadové 
610 2 0 |a svet 
610 2 0 |a Čína 
100 1 |a Feng, Da Hsuan